000 00588nam a2200205 a 4500
005 20140310183221.0
008 030917s19uu xx 00 eng d
020 _a0471384798
050 _aTX 911.3.M27
_b.D583 2002
100 _aDittmer, Paul R.
245 _aDimensions of the Hospitality Industry /
_cPaul R. Dittmer.
250 _a3rd ed.
260 _aNew York :
_bJohn Wiley & Sons,
_c2002.
300 _axi, 475 p. :
_bill. ;
_c24 cm.
500 _aIncludes Index
521 _aTOU
650 _aHospitality industry
_xmanagement.
942 _cBK
_2lcc
_kFOR
999 _c20319
_d20319